Cuestiones políticas y sociales / (Registro nro. 13949)

Detalles MARC
000 -LIDER
fixed length control field 01591nam a2200313 a 4500
001 - NÚMERO DE CONTROL
Identificador de número de control
003 - IDENTIFICACDOR DE NÚMERO DE CONTROL
control field DO-SdBNP
005 - DATE AND TIME OF LATEST TRANSACTION
control field 20240409091116.0
008 - ELEMENTOS DE LONGITUD FIJA
fixed length control field 111125s2012 dr 001 0 spa d
020 ## - ISBN
International Standard Book Number 9789945074499
040 ## - FUENTE DE CATALOGACIÓN
Agencia que crea de manera original el registro DO-SdBNP
Idioma de catalogación spa
Agencia que realiza la transcripción BPMSU
082 #4 - NÚMERO DE CLASIFICACIÓN DECIMAL DE DEWEY
Classification number 320.97293
Item number P739c 2012
Edition number 22
100 1# - ASIENTO PRINCIPAL -- NOMBRE PERSONAL
Nombre personal Ponce de León, Santiago,
Fechas asociadas con el nombre 18-?-1893
245 10 - MENCIÓN DE TITULO
Título Cuestiones políticas y sociales /
Mención de responsabilidad Santiago Ponce de León ; editor Andrés Blanco Díaz.
260 ## - PUBLICACIÓN, DISTRIBUCIÓN, ETC. (PIE DE IMPRENTA)
Lugar de publicación, distribución, etc Santo Domingo :
Nombre del editor, distribuidor, etc. Archivo General de la Nación,
Fecha de publicación, distribución, etc 2012.
300 ## - DESCRIPCIÓN FÍSICA
Extensión 411 p. ;
Otros detalles físicos 23 cm.
490 0# - MENCIÓN DE SERIES
Mención de serie Archivo General de la Nación,
Volume/sequential designation 160
500 ## - NOTA GENERAL
Nota general Incluye índice
505 0# - NOTA DE CONTENIDO
Título El Dr Santiago Ponce de León y las cuestiones políticas y sociales /
Mención de responsabilidad Andrés Blanco Díaz --
Título Apuntes biográficos sobre la vida del eminente ciudadano Ulises P. Espaillat ..
-- Estudio social --
-- Cuestión Domínico-española --
-- Defensa del Opúsculo Cuestión Domínico-española --
-- El 10 de septiembre en Santo Domingo --
-- Vindicación --
-- Textos sueltos --
-- Apéndice: Un opúsculo de actualidad --
Información miscelánea Índice onomástico.
590 ## - NOTA LOCAL
Texto de la nota local Inventariado, 2022/VM
650 #4 - ENCABEZAMIENTO DE MATERIA--TEMÁTICO
Término temático o nombre geográfico como elemento de entrada Ensayos venezolanos
651 #4 - ENCABEZAMIENTO DE MATERIA--NOMBRE GEOGRÁFICO
Nombre geográfico República Dominicana
Subdivisión temática general Política y gobierno
-- Ensayos, conferencias, etc.
651 #4 - ENCABEZAMIENTO DE MATERIA--NOMBRE GEOGRÁFICO
Nombre geográfico República Dominicana
Subdivisión temática general Condiciones sociales
-- Ensayos, conferencias, etc.
651 #4 - ENCABEZAMIENTO DE MATERIA--NOMBRE GEOGRÁFICO
Nombre geográfico Venezuela
Subdivisión temática general Condiciones sociales
-- Ensayos, conferencias, etc.
700 1# - ASIENTO SECUNDARIO -- NOMBRE PERSONAL
Nombre personal Blanco Díaz, Andrés
Mención de responsabilidad ed.
710 2# - ASIENTO SECUNDARIO -- NOMBRE CORPORATIVO
Nombre corporativo o de jurisdicción Archivo General de la Nación (República Dominicana)
910 ## - VALIDACIÓN
Validación VMateo V. Control de calidad. BPMSU
942 ## - ADDED ENTRY ELEMENTS (KOHA)
Source of classification or shelving scheme Dewey Decimal Classification
Koha item type Libros
Existencias
Withdrawn status Lost status Source of classification or shelving scheme Damaged status Not for loan Collection code Home library Current library Date acquired Source of acquisition Total Checkouts Full call number Barcode Date last seen Price effective from Koha item type
    Dewey Decimal Classification     Colección Dominicana Biblioteca Pública Metropolitana Salomé Ureña Biblioteca Pública Metropolitana Salomé Ureña 01/17/2022 Fundacón Juan Bosch   BPSU CD 320.97293 P739 2012 BPMSU22010029 01/17/2022 01/17/2022 Libros